[Event "Lueneburger Schachfestival GM 2019"]
[Site "Lueneburg"]
[Date "2019.08.04"]
[Round "3.2"]
[White "Parvanyan, Ashot"]
[Black "Sriram, Jha"]
[Result "1/2-1/2"]
[WhiteElo "2423"]
[BlackElo "2381"]
[Annotator "ChessBase"]
[PlyCount "47"]
[EventDate "2019.08.02"]
[EventType "tourn"]
[EventCountry "GER"]
[SourceTitle "playchess.com"]
[Source "ChessBase"]
[SourceQuality "1"]
[TimeControl "40/5400+30:1800+30"]

1. Nf3 {[%emt 0:00:00]} d5 {[%emt 0:01:01]} 2. d4 {[%emt 0:00:00]} Nf6 {[%emt 0:00:33]} 3. c4 {[%emt 0:00:07]} c6 {[%emt 0:01:31]} 4. g3 {[%emt 0:00:46]} g6 {[%emt 0:08:14]} 5. Bg2 {[%emt 0:00:45]} Bg7 {[%emt 0:00:09]} 6. O-O {[%emt 0:00:12]} dxc4 {[%emt 0:01:30]} 7. a4 {[%emt 0:00:34]} Ne4 {[%emt 0:00:37]} 8. Qc2 {[%emt 0:01:12]} Nd6 {[%emt 0:00:07]} 9. e4 {[%emt 0:00:11]} Na6 {[%emt 0:09:40]} 10. Na3 {[%emt 0:02:52]} Nb4 {[%emt 0:03:08]} 11. Qe2 {[%emt 0:00:28]} Nd3 {[%emt 0:09:32]} 12. Rd1 {[%emt 0:24:42]} O-O {[%emt 0:05:37]} 13. e5 {[%emt 0:00:55]} Nxc1 {[%emt 0:02:52]} 14. Raxc1 {[%emt 0:00:19]} Nf5 {[%emt 0:00:49]} 15. g4 {[%emt 0:06:23]} Nh6 {[%emt 0:01:09]} 16. h3 {[%emt 0:00:10]} Qa5 {[%emt 0:08:34]} 17. Nxc4 {[%emt 0:05:14]} Qxa4 {[%emt 0:02:27]} 18. Ra1 {[%emt 0:02:25]} Qb4 {[%emt 0:08:34]} 19. Qc2 {[%emt 0:02:08]} Be6 {[%emt 0:06:38]} 20. Ra4 {[%emt 0:21:48]} Qb5 {[%emt 0:00:06]} 21. Nfd2 {[%emt 0:09:11]} Rfd8 {[%emt 0:06:11]} 22. Ra5 {[%emt 0:00:17]} Qb4 {[%emt 0:00:02]} 23. Ra4 {[%emt 0:01:02]} Qb5 {[%emt 0:00:01]} 24. Ra5 {[%emt 0:00:08]} 1/2-1/2

[Event "Lueneburger Schachfestival GM 2019"]
[Site "Lueneburg"]
[Date "2019.08.04"]
[Round "3.3"]
[White "Wachinger, Nikolas"]
[Black "Ovsejevitsch, Sergei"]
[Result "0-1"]
[WhiteElo "2318"]
[BlackElo "2590"]
[Annotator "ChessBase"]
[PlyCount "70"]
[EventDate "2019.08.02"]
[EventType "tourn"]
[EventCountry "GER"]
[SourceTitle "playchess.com"]
[Source "ChessBase"]
[SourceQuality "1"]
[TimeControl "40/5400+30:1800+30"]

1. c4 {[%emt 0:00:00]} e5 {[%emt 0:01:46]} 2. Nc3 {[%emt 0:00:01]} Bb4 {[%emt 0:00:50]} 3. Nd5 {[%emt 0:00:35]} Bc5 {[%emt 0:00:43]} 4. e3 {[%emt 0:05:19]} c6 {[%emt 0:12:07]} 5. d4 {[%emt 0:12:31]} cxd5 {[%emt 0:12:11]} 6. dxc5 {[%emt 0:00:08]} Qa5+ {[%emt 0:00:12]} 7. Qd2 {[%emt 0:03:47]} Qxc5 {[%emt 0:01:04]} 8. b4 {[%emt 0:00:36]} Qe7 {[%emt 0:10:41]} 9. cxd5 {[%emt 0:03:14]} Nf6 {[%emt 0:01:33]} 10. d6 {[%emt 0:09:15]} Qe6 {[%emt 0:00:14]} 11. Ba3 {[%emt 0:00:14]} O-O {[%emt 0:02:40]} 12. Rc1 {[%emt 0:01:27]} b6 {[%emt 0:06:44]} 13. Bc4 {[%emt 0:06:28]} Qg4 {[%emt 0:04:12]} 14. f3 {[%emt 0:01:43]} Qg6 {[%emt 0:00:27]} 15. Bb2 {[%emt 0:01:55]} Nc6 {[%emt 0:03:30]} 16. b5 {[%emt 0:05:17]} Na5 {[%emt 0:01:40]} 17. Bxe5 {[%emt 0:02:53]} Nxc4 {[%emt 0:00:31]} 18. Rxc4 {[%emt 0:00:03]} Re8 {[%emt 0:05:31]} 19. Bxf6 {[%emt 0:10:08]} Qxf6 {[%emt 0:01:35]} 20. Ne2 {[%emt 0:01:05]} a6 {[%emt 0:02:05]} 21. O-O {[%emt 0:09:13]} axb5 {[%emt 0:00:25]} 22. Rf4 {[%emt 0:00:22]} Qg5 {[%emt 0:10:30]} 23. Ng3 {[%emt 0:07:54]} Re5 {[%emt 0:01:51]} 24. Ne4 {[%emt 0:03:00]} Rd5 {[%emt 0:05:54]} 25. Qc3 {[%emt 0:00:48]} Qe5 {[%emt 0:01:07]} 26. Qc7 {[%emt 0:00:57]} Qe8 {[%emt 0:00:43]} 27. Rc1 {[%emt 0:00:56]} f5 {[%emt 0:02:03]} 28. Nf2 {[%emt 0:07:40]} Qxe3 {[%emt 0:02:53]} 29. g3 {[%emt 0:00:08]} Bb7 {[%emt 0:02:06]} 30. Kg2 {[%emt 0:04:05]} Rd2 {[%emt 0:01:06]} 31. Rf1 {[%emt 0:00:02]} Bc6 {[%emt 0:01:17]} 32. a3 {[%emt 0:01:21]} h6 {[%emt 0:01:26]} 33. Rxf5 {[%emt 0:00:41]} Kh7 {[%emt 0:00:18]} 34. Kg1 {[%emt 0:02:02]} Rxa3 {[%emt 0:00:59]} 35. Qd8 {[%emt 0:00:21]} Ra1 {[%emt 0:01:00]} 0-1

[Event "Lueneburger Schachfestival GM 2019"]
[Site "Lueneburg"]
[Date "2019.08.04"]
[Round "3.4"]
[White "Korley, Kassa"]
[Black "Koellner, Ruben Gideon"]
[Result "1-0"]
[WhiteElo "2437"]
[BlackElo "2315"]
[Annotator "ChessBase"]
[PlyCount "120"]
[EventDate "2019.08.02"]
[EventType "tourn"]
[EventCountry "GER"]
[SourceTitle "playchess.com"]
[Source "ChessBase"]
[SourceQuality "1"]
[TimeControl "40/5400+30:1800+30"]

1. d4 {[%emt 0:00:00]} Nf6 {[%emt 0:00:00]} 2. Nf3 {[%emt 0:00:00]} e6 {[%emt 0:00:14]} 3. g3 {[%emt 0:00:00]} d5 {[%emt 0:00:13]} 4. Bg2 {[%emt 0:00:00]} b5 {[%emt 0:01:08]} 5. O-O {[%emt 0:00:00]} Nbd7 {[%emt 0:01:12]} 6. b3 {[%emt 0:01:22]} Bb7 {[%emt 0:00:32]} 7. Nbd2 {[%emt 0:03:36]} b4 {[%emt 0:06:23]} 8. a3 {[%emt 0:00:04]} a5 {[%emt 0:00:04]} 9. Bb2 {[%emt 0:00:05]} Be7 {[%emt 0:02:25]} 10. Ne5 {[%emt 0:01:22]} Nxe5 {[%emt 0:07:00]} 11. dxe5 {[%emt 0:00:02]} Nd7 {[%emt 0:01:26]} 12. axb4 {[%emt 0:00:31]} axb4 {[%emt 0:00:24]} 13. f4 {[%emt 0:05:38]} f5 {[%emt 0:07:14]} 14. exf6 {[%emt 0:10:13]} Bxf6 {[%emt 0:10:35]} 15. Bxf6 {[%emt 0:00:03]} Qxf6 {[%emt 0:02:21]} 16. Rxa8+ {[%emt 0:00:05]} Bxa8 {[%emt 0:00:04]} 17. Qa1 {[%emt 0:00:44]} O-O {[%emt 0:06:46]} 18. Qxf6 {[%emt 0:00:23]} gxf6 {[%emt 0:00:37]} 19. Ra1 {[%emt 0:00:03]} Bb7 {[%emt 0:07:35]} 20. Ra7 {[%emt 0:00:10]} Nc5 {[%emt 0:01:45]} 21. Ra5 {[%emt 0:00:14]} Na6 {[%emt 0:05:31]} 22. f5 {[%emt 0:01:53]} Kf7 {[%emt 0:05:26]} 23. e4 {[%emt 0:07:24]} c6 {[%emt 0:06:02]} 24. fxe6+ {[%emt 0:03:36]} Kxe6 {[%emt 0:00:06]} 25. exd5+ {[%emt 0:00:06]} cxd5 {[%emt 0:00:11]} 26. Rb5 {[%emt 0:01:02]} Rb8 {[%emt 0:01:13]} 27. Rb6+ {[%emt 0:00:04]} Ke7 {[%emt 0:01:08]} 28. Bf1 {[%emt 0:05:24]} Nc5 {[%emt 0:06:17]} 29. Rxb4 {[%emt 0:00:04]} Rc8 {[%emt 0:00:13]} 30. Rh4 {[%emt 0:01:31]} Rh8 {[%emt 0:00:31]} 31. Bg2 {[%emt 0:01:39]} Kd6 {[%emt 0:01:18]} 32. Rh6 {[%emt 0:00:33]} Nd7 {[%emt 0:00:29]} 33. Bh3 {[%emt 0:00:26]} Bc8 {[%emt 0:01:03]} 34. Kf2 {[%emt 0:01:56]} Ke7 {[%emt 0:00:47]} 35. Nf3 {[%emt 0:00:54]} Ne5 {[%emt 0:02:21]} 36. Bxc8 {[%emt 0:07:29]} Rxc8 {[%emt 0:00:06]} 37. Rxh7+ {[%emt 0:00:09]} Kd6 {[%emt 0:00:23]} 38. Nd4 {[%emt 0:00:47]} Nc6 {[%emt 0:04:52]} 39. Nf5+ {[%emt 0:00:41]} Ke5 {[%emt 0:01:44]} 40. Rh5 {[%emt 0:01:28]} Ke6 {[%emt 0:01:46]} 41. Ke3 {[%emt 0:30:16]} Ne5 {[%emt 0:35:13]} 42. Nd4+ {[%emt 0:00:07]} Kf7 {[%emt 0:00:05]} 43. Kd2 {[%emt 0:02:18]} Kg6 {[%emt 0:00:30]} 44. Rf5 {[%emt 0:01:19]} Rh8 {[%emt 0:02:52]} 45. h4 {[%emt 0:00:02]} Kf7 {[%emt 0:00:20]} 46. Ne2 {[%emt 0:00:39]} Ke6 {[%emt 0:00:22]} 47. Rf4 {[%emt 0:47:08]} Rg8 {[%emt 0:00:33]} 48. Ra4 {[%emt 0:00:00]} Kf5 {[%emt 0:00:50]} 49. Ra5 {[%emt 0:00:00]} Ke4 {[%emt 0:00:39]} 50. Ra4+ {[%emt 0:00:00]} Kf5 {[%emt 0:00:14]} 51. Rf4+ {[%emt 0:00:00]} Ke6 {[%emt 0:00:05]} 52. h5 {[%emt 0:00:00]} Rg5 {[%emt 0:01:02]} 53. Rf1 {[%emt 0:00:00]} Nf7 {[%emt 0:00:53]} 54. Nf4+ {[%emt 0:00:00]} Kd6 {[%emt 0:00:21]} 55. Ng6 {[%emt 0:00:00]} Ke6 {[%emt 0:00:34]} 56. Nf8+ {[%emt 0:00:00]} Ke7 {[%emt 0:00:33]} 57. Nh7 {[%emt 0:00:00]} Rxh5 {[%emt 0:00:29]} 58. Nxf6 {[%emt 0:00:00]} Rh2+ {[%emt 0:01:07]} 59. Kc1 {[%emt 0:00:00]} Ke6 {[%emt 0:00:13]} 60. Nxd5 {[%emt 0:00:00]} Kxd5 {[%emt 0:00:14]} 1-0

[Event "Lueneburger Schachfestival GM 2019"]
[Site "Lueneburg"]
[Date "2019.08.04"]
[Round "3.5"]
[White "Polster, Christian"]
[Black "Vorobiov, Evgeny E."]
[Result "0-1"]
[WhiteElo "2254"]
[BlackElo "2578"]
[Annotator "ChessBase"]
[PlyCount "48"]
[EventDate "2019.08.02"]
[EventType "tourn"]
[EventCountry "GER"]
[SourceTitle "playchess.com"]
[Source "ChessBase"]
[SourceQuality "1"]
[TimeControl "40/5400+30:1800+30"]

1. d4 {[%emt 0:00:00]} Nf6 {[%emt 0:00:00]} 2. Nf3 {[%emt 0:00:25]} g6 {[%emt 0:01:37]} 3. Bf4 {[%emt 0:00:24]} Bg7 {[%emt 0:00:07]} 4. e3 {[%emt 0:01:05]} d6 {[%emt 0:00:17]} 5. h3 {[%emt 0:00:19]} O-O {[%emt 0:00:06]} 6. Be2 {[%emt 0:00:20]} b6 {[%emt 0:01:31]} 7. O-O {[%emt 0:01:28]} Bb7 {[%emt 0:00:05]} 8. c4 {[%emt 0:01:15]} c5 {[%emt 0:02:57]} 9. Nc3 {[%emt 0:02:40]} cxd4 {[%emt 0:00:52]} 10. exd4 {[%emt 0:00:18]} d5 {[%emt 0:02:59]} 11. Rc1 {[%emt 0:09:47]} dxc4 {[%emt 0:01:10]} 12. Bxc4 {[%emt 0:02:21]} Nc6 {[%emt 0:00:34]} 13. a3 {[%emt 0:11:21]} Rc8 {[%emt 0:07:37]} 14. d5 {[%emt 0:11:09]} Nb4 {[%emt 0:18:02]} 15. d6 {[%emt 0:13:11]} Rxc4 {[%emt 0:07:17]} 16. dxe7 {[%emt 0:00:57]} Qxe7 {[%emt 0:00:04]} 17. Bd6 {[%emt 0:00:22]} Bxf3 {[%emt 0:02:18]} 18. gxf3 {[%emt 0:05:17]} Qe6 {[%emt 0:00:17]} 19. Bxf8 {[%emt 0:01:18]} Bxf8 {[%emt 0:00:21]} 20. Re1 {[%emt 0:06:12]} Qxh3 {[%emt 0:02:46]} 21. Ne4 {[%emt 0:02:49]} Rxe4 {[%emt 0:01:23]} 22. Rxe4 {[%emt 0:10:31]} Nxe4 {[%emt 0:01:48]} 23. fxe4 {[%emt 0:01:06]} Nd3 {[%emt 0:01:31]} 24. Rc3 {[%emt 0:04:40]} Qh1+ {[%emt 0:00:35]} 0-1

[Event "Lueneburger Schachfestival GM 2019"]
[Site "Lueneburg"]
[Date "2019.08.05"]
[Round "4.1"]
[White "Reuker, Jari"]
[Black "Vorobiov, Evgeny E."]
[Result "1/2-1/2"]
[WhiteElo "2403"]
[BlackElo "2578"]
[Annotator "TA"]
[PlyCount "39"]
[EventDate "2019.08.02"]
[EventType "tourn"]
[EventCountry "GER"]
[SourceTitle "playchess.com"]
[Source "ChessBase"]
[SourceQuality "1"]

{[%evp 15,18,-1,27,23,37]} 1. Nf3 Nf6 2. c4 g6 3. b3 Bg7 4. Bb2 O-O 5. g3 c5 6. Bg2 Nc6 7. O-O d6 8. Nc3 Bf5 9. d4 {A38: Symmetrical English vs ...g6: 4 Bg2 Bg7 5 Nf3 Nf6} cxd4 {Predecessor:} 10. Nxd4 $146 Nxd4 11. Qxd4 Ne4 12. Qe3 Nxc3 13. Bxc3 Bxc3 14. Qxc3 Qc7 15. Rac1 Rac8 16. Qe3 b6 17. Rfd1 Rfe8 18. Qf4 Bd7 19. Bd5 Rf8 20. h4 {1-0 (94) Vachier Lagrave,M (2711)-Meskovs,N (2314) Warsaw 2012} 1/2-1/2

[Event "Lueneburger Schachfestival GM 2019"]
[Site "Lueneburg"]
[Date "2019.08.05"]
[Round "4.2"]
[White "Koellner, Ruben Gideon"]
[Black "Polster, Christian"]
[Result "1/2-1/2"]
[WhiteElo "2315"]
[BlackElo "2254"]
[Annotator "ChessBase"]
[PlyCount "96"]
[EventDate "2019.08.02"]
[EventType "tourn"]
[EventCountry "GER"]
[SourceTitle "playchess.com"]
[Source "ChessBase"]
[SourceQuality "1"]
[TimeControl "40/5400+30:1800+30"]

1. d4 {[%emt 0:01:16]} e6 {[%emt 0:00:00]} 2. Bf4 {[%emt 0:00:40]} Nf6 {[%emt 0:00:26]} 3. e3 {[%emt 0:00:05]} c5 {[%emt 0:02:03]} 4. Nd2 {[%emt 0:00:12]} d5 {[%emt 0:04:40]} 5. c3 {[%emt 0:00:11]} Nc6 {[%emt 0:00:19]} 6. Ngf3 {[%emt 0:00:05]} Be7 {[%emt 0:01:18]} 7. Bd3 {[%emt 0:00:57]} O-O {[%emt 0:00:23]} 8. Ne5 {[%emt 0:00:19]} Qb6 {[%emt 0:18:33]} 9. Rb1 {[%emt 0:18:00]} Rd8 {[%emt 0:03:45]} 10. Qf3 {[%emt 0:01:32]} Bd7 {[%emt 0:02:49]} 11. g4 {[%emt 0:08:11]} Be8 {[%emt 0:09:15]} 12. Qh3 {[%emt 0:00:44]} g6 {[%emt 0:02:18]} 13. Ndf3 {[%emt 0:10:15]} cxd4 {[%emt 0:05:59]} 14. exd4 {[%emt 0:01:50]} Nxe5 {[%emt 0:15:09]} 15. Nxe5 {[%emt 0:01:48]} Nd7 {[%emt 0:03:54]} 16. Qe3 {[%emt 0:05:10]} Nxe5 {[%emt 0:05:07]} 17. Bxe5 {[%emt 0:00:06]} f6 {[%emt 0:03:21]} 18. Bg3 {[%emt 0:03:52]} Bf7 {[%emt 0:08:25]} 19. h4 {[%emt 0:09:12]} e5 {[%emt 0:05:56]} 20. dxe5 {[%emt 0:05:26]} d4 {[%emt 0:00:22]} 21. cxd4 {[%emt 0:03:30]} Qxd4 {[%emt 0:01:25]} 22. Qxd4 {[%emt 0:02:50]} Rxd4 {[%emt 0:00:02]} 23. Be2 {[%emt 0:03:07]} Bxa2 {[%emt 0:01:20]} 24. Rc1 {[%emt 0:01:33]} Bd5 {[%emt 0:01:52]} 25. O-O {[%emt 0:00:24]} fxe5 {[%emt 0:00:31]} 26. Rfd1 {[%emt 0:04:45]} Bc6 {[%emt 0:01:51]} 27. Bxe5 {[%emt 0:03:40]} Re4 {[%emt 0:00:28]} 28. Re1 {[%emt 0:01:57]} Bb4 {[%emt 0:01:34]} 29. Bc3 {[%emt 0:00:13]} Bxc3 {[%emt 0:00:20]} 30. Rxc3 {[%emt 0:00:14]} Rae8 {[%emt 0:00:48]} 31. Bc4+ {[%emt 0:04:17]} Kg7 {[%emt 0:00:14]} 32. Rxe4 {[%emt 0:00:36]} Rxe4 {[%emt 0:00:02]} 33. f3 {[%emt 0:00:09]} Rd4 {[%emt 0:00:47]} 34. b3 {[%emt 0:02:12]} h5 {[%emt 0:01:07]} 35. Be2 {[%emt 0:01:23]} Rd2 {[%emt 0:00:34]} 36. Re3 {[%emt 0:00:41]} hxg4 {[%emt 0:00:30]} 37. fxg4 {[%emt 0:00:09]} Rb2 {[%emt 0:00:18]} 38. Bf3 {[%emt 0:01:54]} Bxf3 {[%emt 0:00:25]} 39. Rxf3 {[%emt 0:00:01]} b5 {[%emt 0:00:46]} 40. h5 {[%emt 0:02:58]} a5 {[%emt 0:00:25]} 41. hxg6 {[%emt 0:32:34]} b4 {[%emt 0:05:04]} 42. Rf5 {[%emt 0:00:00]} Ra2 {[%emt 0:10:17]} 43. Rb5 {[%emt 0:00:00]} Kxg6 {[%emt 0:00:28]} 44. g5 {[%emt 0:00:00]} Rb2 {[%emt 0:06:41]} 45. Rxa5 {[%emt 0:00:00]} Rxb3 {[%emt 0:00:04]} 46. Rb5 {[%emt 0:00:00]} Rg3+ {[%emt 0:00:20]} 47. Kf2 {[%emt 0:00:00]} Rxg5 {[%emt 0:00:03]} 48. Rxb4 {[%emt 0:00:00]} Rf5+ {[%emt 0:00:11]} 1/2-1/2

[Event "Lueneburger Schachfestival GM 2019"]
[Site "Lueneburg"]
[Date "2019.08.05"]
[Round "4.3"]
[White "Ovsejevitsch, Sergei"]
[Black "Korley, Kassa"]
[Result "1-0"]
[WhiteElo "2590"]
[BlackElo "2437"]
[Annotator "TA"]
[PlyCount "59"]
[EventDate "2019.08.02"]
[EventType "tourn"]
[EventCountry "GER"]
[SourceTitle "playchess.com"]
[Source "ChessBase"]
[SourceQuality "1"]

{[%evp 9,59,26,26,23,22,16,12,12,41,40,28,30,13,6,18,19,17,19,22,22,29,29,39,22,33,24,37,32,43,34,34,34,38,43,54,54,121,121,116,120,173,161,161,168,152,161,208,208,274,261,306,300]} 1. Nf3 d5 2. d4 e6 3. c4 a6 4. Bg5 (4. e3 Nf6 5. Nc3 dxc4 6. Bxc4 b5 7. Be2 Bb7 8. O-O Nbd7 9. b3 c5 10. Bb2 Be7 11. Rc1 O-O 12. Qc2 Rc8 13. Qb1 Qb6 14. Rfd1 Rfd8 15. h3 h6 16. dxc5 Nxc5 17. Rxd8+ Rxd8 {0-1 (59) Mamedyarov,S (2817)-Carlsen,M (2835) St Petersburg 2018}) 4... Be7 5. Bxe7 Qxe7 6. Nbd2 {D30: Queen's Gambit Declined: Systems without Nc3} Nf6 7. g3 O-O 8. Bg2 {The position is equal.} Nbd7 9. O-O c5 $146 ({Predecessor:} 9... c6 10. Qc2 e5 11. cxd5 Nxd5 {½-½ (54) Yuffa,D (2578)-Cornette,D (2448) Caleta 2019}) 10. cxd5 exd5 11. dxc5 Nxc5 12. Nb3 Nxb3 13. axb3 Bf5 14. Nd4 Bg6 15. Qd2 Qd7 16. Qf4 Rac8 17. Rac1 h5 18. f3 (18. Rxc8 {with more complications.} Rxc8 19. Rc1 Ne4 20. h4 Kh7 21. Bf3) 18... b6 19. Rxc8 Rxc8 20. Rc1 Rxc1+ 21. Qxc1 Qe7 22. Kf2 Qc5 {[#]} ({Better is} 22... a5 $14) 23. Qxc5 $1 $16 bxc5 {[%mdl 4096] Endgame KBN-KBN} 24. Nc6 d4 (24... Kf8 $16 {was called for.}) 25. b4 $18 cxb4 26. Nxb4 ({Don't play} 26. Nxd4 Nd7 $16) 26... Kf8 27. Nc6 Bb1 28. Nxd4 Ke7 29. e4 g6 30. Bf1 {Accuracy: White = 81%, Black = 25%.} 1-0

[Event "Lueneburger Schachfestival GM 2019"]
[Site "Lueneburg"]
[Date "2019.08.05"]
[Round "4.4"]
[White "Sriram, Jha"]
[Black "Wachinger, Nikolas"]
[Result "1/2-1/2"]
[WhiteElo "2381"]
[BlackElo "2318"]
[Annotator "ChessBase"]
[PlyCount "27"]
[EventDate "2019.08.02"]
[EventType "tourn"]
[EventCountry "GER"]
[SourceTitle "playchess.com"]
[Source "ChessBase"]
[SourceQuality "1"]
[TimeControl "40/5400+30:1800+30"]

1. Nf3 {[%emt 0:01:15]} d5 {[%emt 0:00:00]} 2. d4 {[%emt 0:02:28]} Nf6 {[%emt 0:00:00]} 3. c4 {[%emt 0:00:11]} e6 {[%emt 0:00:00]} 4. e3 {[%emt 0:00:12]} b6 {[%emt 0:01:09]} 5. Nc3 {[%emt 0:00:22]} Bb7 {[%emt 0:03:44]} 6. cxd5 {[%emt 0:00:34]} exd5 {[%emt 0:05:00]} 7. Bb5+ {[%emt 0:00:06]} c6 {[%emt 0:00:51]} 8. Bd3 {[%emt 0:00:03]} Bd6 {[%emt 0:00:28]} 9. O-O {[%emt 0:00:07]} Nbd7 {[%emt 0:00:34]} 10. e4 {[%emt 0:02:32]} Nxe4 {[%emt 0:05:06]} 11. Nxe4 {[%emt 0:00:45]} dxe4 {[%emt 0:00:07]} 12. Bxe4 {[%emt 0:00:03]} O-O {[%emt 0:15:58]} 13. Bg5 {[%emt 0:11:05]} Be7 {[%emt 0:02:44]} 14. Bxe7 {[%emt 0:09:02]} 1/2-1/2

[Event "Lueneburger Schachfestival GM 2019"]
[Site "Lueneburg"]
[Date "2019.08.05"]
[Round "4.5"]
[White "Pajeken, Jakob Leon"]
[Black "Parvanyan, Ashot"]
[Result "0-1"]
[WhiteElo "2314"]
[BlackElo "2423"]
[Annotator "TA"]
[PlyCount "80"]
[EventDate "2019.08.02"]
[EventType "tourn"]
[EventCountry "GER"]
[SourceTitle "playchess.com"]
[Source "ChessBase"]
[SourceQuality "1"]

{[%evp 10,80,32,0,29,21,29,12,9,-29,-11,-20,17,-13,0,-54,-38,-35,-22,-25,-18,-43,-15,-76,-68,-65,-41,-62,-15,-9,-12,-31,0,-70,-85,-82,0,0,0,-21,15,0,7,-20,-13,-172,-158,-206,-196,-416,-386,-509,-509,-498,-493,-456,-414,-487,-413,-631,-640,-633,-660,-1242,-1213,-2090,-2031,-1915,-1576,-6818,-6085,-3321,-3285]} 1. d4 Nf6 2. Nf3 g6 3. g3 Bg7 4. Bg2 O-O 5. O-O d6 6. b3 b5 {A49: 1 d4 Nf6 2 Nf3 g6 3 g3: Anti-King's Indian systems} (6... c6 7. Bb2 Qa5 8. Re1 Qh5 9. Nbd2 Bg4 10. c4 Nbd7 11. Qc2 e5 12. e4 Rfe8 13. dxe5 dxe5 14. c5 Rad8 15. Qc3 b6 16. cxb6 axb6 17. Nc4 Nc5 18. Ncxe5 Nfd7 19. Rad1 Bxf3 20. Qxf3 Qxf3 {0-1 (20) Zhao,J (2610)-Mamedyarov,S (2817) chess.com INT 2019}) 7. Ne1 c6 8. e4 $146 ({Predecessor:} 8. c4 bxc4 9. bxc4 Be6 10. Nd2 Qc8 11. e4 Bg4 12. Nef3 Na6 13. Rb1 c5 14. e5 dxe5 15. dxe5 {1-0 (24) Bai,J (2568)-Yanayt,E (2122) Las Vegas 2018}) 8... a5 {The position is equal.} 9. a4 b4 10. Bb2 Qb6 11. Nd2 Ba6 12. Nc4 (12. Nd3 $11) 12... Bxc4 13. bxc4 Nfd7 14. c3 Na6 15. Nc2 Rab8 16. Qd2 (16. cxb4 $11 {remains equal.} Nxb4 17. Nxb4 Qxb4 {[%mdl 64] Double Attack} 18. Ba3 Qxc4 19. e5 $1 {[%mdl 512]}) 16... c5 $17 17. Rfd1 Rfc8 18. Bh3 Qa7 19. d5 Rc7 20. Ne3 Rcb7 21. f4 (21. Bxd7 $11 Rxd7 22. h4) 21... bxc3 $15 22. Bxc3 {[#]} Bxc3 (22... Bd4 $1 $17 23. Bxd7 (23. Bxd4 cxd4 24. Qxd4 Qxd4 $17) 23... Rb3 24. Bxd4 cxd4 25. Qxd4 Qxd4 26. Rxd4 Rxe3) 23. Qxc3 $11 Rb3 24. Qe1 Qc7 25. Rdb1 R3b4 26. Nc2 Nb6 27. Nxb4 $2 (27. Bf1 $11 {and White is okay.}) 27... cxb4 $19 28. Qf2 Nc5 {[%mdl 64] Double Attack} 29. Qd4 $2 (29. Qe3) 29... Nbxa4 30. e5 Nc3 {aiming for ...Ne2+.} 31. exd6 Qxd6 {White must now prevent ...Ne2+.} 32. Re1 a4 33. Qe3 Nb3 34. c5 (34. Rxa4 $142 Nxa4 35. Qxb3) 34... Qxc5 {Black is clearly winning.} 35. Qxc5 Nxc5 36. Rac1 Nd3 {[%mdl 64] Double Attack} 37. Rxe7 Nxc1 38. d6 Rd8 39. Rd7 Rxd7 40. Bxd7 Kf8 {Accuracy: White = 28%, Black = 55%.} 0-1

[Event "Lueneburger Schachfestival GM 2019"]
[Site "Lueneburg"]
[Date "2019.08.06"]
[Round "5.1"]
[White "Parvanyan, Ashot"]
[Black "Reuker, Jari"]
[Result "1-0"]
[WhiteElo "2423"]
[BlackElo "2403"]
[Annotator "NA"]
[PlyCount "88"]
[EventDate "2019.08.02"]
[EventType "tourn"]
[EventCountry "GER"]
[SourceTitle "playchess.com"]
[Source "ChessBase"]
[SourceQuality "1"]
[TimeControl "40/5400+30:1800+30"]

1. Nf3 {[%emt 0:00:00]} d5 {[%emt 0:01:20]} 2. d4 {[%emt 0:00:00]} Nf6 {[%emt 0:00:07]} 3. c4 {[%emt 0:00:00]} e6 {[%emt 0:00:05]} 4. g3 {[%emt 0:00:00]} Be7 {[%emt 0:00:19]} 5. Bg2 {[%emt 0:00:10]} O-O {[%emt 0:00:08]} 6. O-O {[%emt 0:00:27]} dxc4 {[%emt 0:00:06]} 7. Qc2 {[%emt 0:00:04]} b6 {[%emt 0:00:21]} 8. Bg5 $11 {[%emt 0:08:30]} Nd5 {[%emt 0:00:11]} 9. Bxe7 {[%emt 0:01:23]} Qxe7 {[%emt 0:00:06]} 10. Qxc4 {[%emt 0:09:07]} Ba6 {[%emt 0:00:21]} 11. Qc2 {[%emt 0:00:17]} Nd7 {[%emt 0:00:33]} 12. Nc3 {[%emt 0:11:42]} Nxc3 {[%emt 0:00:29]} 13. bxc3 {[%emt 0:00:52]} c5 {[%emt 0:00:59]} 14. Ne5 {[%emt 0:18:29]} Rac8 {[%emt 0:02:43]} 15. Nc6 {[%emt 0:03:01]} Qd6 {[%emt 0:14:29]} 16. Qa4 {[%emt 0:00:19]} Bxe2 {[%emt 0:04:05]} 17. Rfe1 {[%emt 0:06:00]} Bh5 {[%emt 0:22:47]} 18. Nxa7 {[%emt 0:10:04]} Rce8 {[%emt 0:12:05]} 19. Qc6 {[%emt 0:07:22]} Qxc6 {[%emt 0:06:03]} 20. Nxc6 {[%emt 0:00:08]} Bg6 {[%emt 0:11:52]} 21. d5 {[%emt 0:04:20]} exd5 {[%emt 0:09:19]} 22. Ne7+ {[%emt 0:00:18]} Kh8 {[%emt 0:00:13]} 23. Nxg6+ {[%emt 0:00:45]} hxg6 {[%emt 0:00:27]} 24. Bxd5 {[%emt 0:00:08]} Kg8 {[%emt 0:04:03]} 25. Bc6 {[%emt 0:02:34]} Rd8 {[%emt 0:05:31]} 26. Rab1 {[%emt 0:07:30]} Nb8 {[%emt 0:00:20]} 27. Bb5 {[%emt 0:01:07]} Rd6 {[%emt 0:01:05]} 28. Rbd1 {[%emt 0:04:17]} Rf6 {[%emt 0:00:02]} 29. g4 {[%emt 0:00:36]} Rc8 {[%emt 0:00:47]} 30. g5 {[%emt 0:01:32]} Rf5 {[%emt 0:00:39]} 31. Rd6 {[%emt 0:02:00]} Rxg5+ {[%emt 0:00:31]} 32. Kf1 {[%emt 0:00:06]} c4 {[%emt 0:02:45]} 33. Rxb6 {[%emt 0:01:50]} Rgc5 {[%emt 0:00:18]} 34. Re8+ {[%emt 0:00:48]} Rxe8 {[%emt 0:00:10]} 35. Bxe8 {[%emt 0:00:04]} Rc8 {[%emt 0:00:18]} 36. Bb5 {[%emt 0:00:13]} Kf8 {[%emt 0:00:05]} 37. a4 {[%emt 0:00:23]} Ke7 {[%emt 0:00:28]} 38. a5 {[%emt 0:00:13]} Rd8 {[%emt 0:01:52]} 39. a6 {[%emt 0:00:23]} Nxa6 {[%emt 0:00:16]} 40. Rxa6 {[%emt 0:00:30]} Rd3 {[%emt 0:00:10]} 41. Ra3 {[%emt 0:30:12]} Rh3 {[%emt 0:30:14]} 42. Kg2 {[%emt 0:00:17]} Rh4 {[%emt 0:00:05]} 43. Ra4 {[%emt 0:00:12]} Kd6 {[%emt 0:00:32]} 44. Rxc4 {[%emt 0:00:26]} Kd5 {[%emt 0:02:41]} 1-0